00338 2200145 4500001002100000008004100021035002000062245003000082100000800112260001900120300001200139084001400151082000800165990001900173INLIS000000000002248 ind  a0010-0724002248 aAl-Qur'an Dan Tajwidcxxx axxx aSolo :bMa'sum a340 hlm a297 xxx a a297 aP29/CP/24/2248